000 00725nam a2200241Ia 4500
003 OSt
005 20220926021037.0
006 a|||||r|||| 00| 0
007 ta
008 220923b |||||||| |||| 00| 0 eng d
020 _a0422781800
037 _cGeneral Book
040 _aRTL
_cRTL
_beng
041 _2eng
_aeng
082 _aY73:4.73.N8, M3
100 _aRinger Benjamin B
_9323838
245 0 _aWe the People and Others
_b Duality and America's Treatment of its Racial Minorities
260 _aNew York
_bTavistock Publishers
_c1983
300 _axii,1165p
_ccm.
650 _aEthnology
_935130
942 _hY73:4.73.N8, M3
_cGB
_2CC
999 _c635619
_d635619